000
00266nam a2200109Ia 4500
008
230907s9999||||xx |||||||||||||| ||und||
082
_a
621.31924
_b
WEL
100
_a
Wells, Quentin,
_9
115619
245
0
_a
Smart grid home /
300
_a
xv, 284 pages :
942
_c
BK
999
_c
598972
_d
598972